Statistics for Rois de France (depuis Carolingiens)

Click here to take the quiz!

General Stats

  • This quiz has been taken 8 times
  • The average score is 10 of 57

Answer Stats

HintAnswer% Correct
BourbonLouis XVI 1774
57%
BourbonCharles X 1824
43%
BonaparteNapoléon III 1852
43%
CapétienCharles IV 1322le Bel
29%
ValoisCharles IX 1560
29%
ValoisCharles VII 1422le Victorieux ou le Bien Servi
29%
ValoisCharles VIII 1483l'Affable
29%
ValoisFrançois Ier 1515le Père et Restaurateur des Lettres
29%
ValoisFrançois II 1559
29%
ValoisHenri II 1547
29%
ValoisHenri III 1574
29%
BourbonHenri IV 1589le Grand ou le Vert-Galant
29%
CapétienJean Ier 1316le Posthume
29%
ValoisJean II 1350le Bon
29%
OrléansLouis Philippe Ier 1830
29%
CapétienLouis X 1314le Hutin
29%
ValoisLouis XII 1498le Père du Peuple
29%
BourbonLouis XIII 1610le Juste
29%
BourbonLouis XIV 1643le Grand ou le Roi-Soleil
29%
BourbonLouis XV 1715le Bien-Aimé
29%
BourbonsLouis XVIII 1815
29%
BourbonLouis XVIII 1815
29%
BonaparteNapoléon Ier 1804
29%
BonaparteNapoléon II 1815
29%
CarolingienPépin III 751
29%
CapétienPhilippe V 1316le Long
29%
ValoisPhilippe VI 1328
29%
ValoisCharles V 1364le Sage
14%
ValoisCharles VI 1380le Bien-Aimé ou le Fol
14%
CapétienHugues Ier 987Capet
14%
CapétienLouis IX 1226le Prudhomme ou Saint Louis
14%
CapétienLouis VI 1108le Gros ou le Batailleur
14%
CapétienLouis VII 1137le Jeune ou le Pieux
14%
CapétienLouis VIII 1223le Lion
14%
ValoisLouis XI 1461le Prudent ou Universelle Aragne
14%
BonaparteNapoléon Ier 1814
14%
CapétienPhilippe II 1180Auguste
14%
CapétienPhilippe III 1270le Hardi
14%
CapétienPhilippe IV 1285le Bel
14%
CarolingienCarloman Ier 768
0%
CarolingienCarloman II 879
0%
CarolingienCharlemagne 771
0%
CarolingienCharles II 843
0%
CarolingienCharles III 885
0%
CarolingienCharles III 898
0%
CarolingienEudes Ier 888
0%
CapétienHenri Ier 1031
0%
CapétienHugues 1017
0%
CarolingienLouis Ier 814
0%
CarolingienLouis II 877
0%
CarolingienLouis III 879
0%
CarolingienLouis IV 936
0%
CarolingienLouis V 986
0%
CapétienPhilippe Ier 1060
0%
CarolingienRaoul Ier 923
0%
CarolingienRobert Ier 922
0%
CapétienRobert II 996le Pieux
0%

Score Distribution

Percentile by Number Answered

Percent of People with Each Score

Your Score History

You have not taken this quiz